[Event "Balatonbereny op"]
[Site "Balatonbereny"]
[Date "1994.??.??"]
[Round "7"]
[White "Boricsev, Oleg"]
[Black "Szlabey, Geza"]
[Result "1-0"]
[WhiteElo "2350"]
[BlackElo "2205"]

1.e4 d6 2.d4 g6 3.Nc3 Bg7 4.Nf3 Nf6 5.Be2 O-O 6.O-O c6 7.a4 Na6 8.Re1 Nc7
9.h3 Bd7 10.Be3 Re8 11.Qd2 d5 12.Bd3 dxe4 13.Nxe4 Nxe4 14.Bxe4 Be6 15.Bh6 Bh8
16.Bf4 Nd5 17.Be5 f6 18.Bh2 Bf7 19.c4 Nb6 20.b3 e6 21.a5 Nd7 22.Qb4 f5 23.Bc2 b6
24.axb6 axb6 25.Rxa8 Qxa8 26.Qd6 Qb7 27.Ra1 c5 28.Ne5 Nxe5 29.dxe5 Bg7 30.Bf4 Bf8
31.Qd3 Be7 32.Qg3 Ra8 33.Rd1 Be8 34.Bg5 Bf8 35.h4 h5 36.Bf6 Be7 37.Bxe7 Qxe7
38.Rd6 Ra2 39.Bd1 Ra1 40.Kh2 Kf7 41.Bf3 Rb1 42.Rxb6 Kf8 43.Rb7 Qd8 44.Qf4 Kg8
45.g3 Qd4 46.Qh6 Qxe5 47.Qh7+  1-0

[Event "Oberliga Bayern9394"]
[Site "Bayern"]
[Date "1994.??.??"]
[Round "?"]
[White "Riefner, Edwin"]
[Black "Pohl Kuemmel, Jens Uwe"]
[Result "1/2-1/2"]
[WhiteElo "2250"]
[BlackElo "2295"]

1.e4 d6 2.d4 g6 3.Nc3 Bg7 4.Be3 c6 5.a4 Nf6 6.f3 O-O 7.Qd2 e5 8.dxe5 dxe5
9.O-O-O Qxd2+ 10.Rxd2 Be6 11.g3 Nbd7 12.Bh3 Bxh3 13.Nxh3 Rfe8 14.Rhd1 Nf8
15.b3 Ne6 16.Ne2 Bf8 17.Nf2 Bb4 18.c3 Bc5 19.Bxc5 Nxc5 20.Kc2 Kf8 21.Nc1 a5
22.Ncd3 Nfd7 23.Nxc5 Nxc5 24.Nd3 Nxd3 25.Rxd3 Re7 26.Rd8+ Rxd8 27.Rxd8+ Re8
28.Rxe8+ Kxe8 29.b4 b6 30.Kb3 Kd7 31.Kc4 Kd6 32.h4 h6 33.g4 g5 34.h5 Kd7
35.Kb3 Kd6  1/2-1/2

[Event "Regionalliga SW9495"]
[Site "Bayern"]
[Date "1994.??.??"]
[Round "2"]
[White "Maugg, Ludwig"]
[Black "Dierich, Jochen"]
[Result "0-1"]
[WhiteElo "2100"]
[BlackElo "1905"]

1.e4 g6 2.d4 Bg7 3.Nc3 d6 4.Be3 c6 5.f4 b5 6.Bd3 Qb6 7.Nf3 Bg4 8.Ne2 Nd7
9.Qd2 Ngf6 10.O-O O-O 11.h3 Bxf3 12.Rxf3 Qb7 13.c3 c5 14.Ng3 Rac8 15.Rff1 e6
16.e5 dxe5 17.fxe5 Nd5 18.Ne4 Nxe3 19.Qxe3 cxd4 20.cxd4 Qb6 21.Qf2 f6 22.Nc5 Nxc5
23.dxc5 Qxc5 24.Qxc5 Rxc5 25.Rac1 Rxe5 26.Rc7 Rf7 27.Rfc1 Rxc7 28.Rxc7 Bf8
29.Kf1 a5 30.Rb7 b4 31.b3 f5 32.Rb5 Rxb5 33.Bxb5 Kf7 34.Ke2 Kf6 35.Bc4 e5
36.Ke3 Bc5+ 37.Ke2 e4 38.Kd2 g5 39.Ke2 Ke5 40.Bg8 h6 41.g3 f4 42.gxf4+ gxf4
43.Bc4 f3+ 44.Kf1 Kf4  0-1

[Event "Regionalliga SO9495"]
[Site "Bayern"]
[Date "1994.??.??"]
[Round "4"]
[White "Wagner, Hans"]
[Black "Haller, Christoph"]
[Result "1-0"]
[WhiteElo "2170"]
[BlackElo "2080"]

1.e4 g6 2.d4 d6 3.Nc3 Bg7 4.Be3 Nc6 5.Qd2 e5 6.Nge2 Nge7 7.O-O-O f5 8.f3 f4
9.Bf2 g5 10.dxe5 Nxe5 11.Nd4 N7c6 12.Bb5 Bd7 13.Nxc6 Bxc6 14.Bxc6+ bxc6 15.Bd4 Qd7
16.Qe2 h5 17.Qa6 O-O 18.Ne2 Qc8 19.Qxc8 Raxc8 20.b3 Kf7 21.Rdf1 c5 22.Bc3 Ke6
23.h4 Bh6 24.hxg5 Bxg5 25.Rxh5 Rg8 26.Bd2 Rcf8 27.g3 fxg3 28.Rxg5 Rxg5 29.Bxg5 Nxf3
30.Ng1  1-0

[Event "Regionalliga NW9495"]
[Site "Bayern"]
[Date "1994.??.??"]
[Round "7"]
[White "Reger, Hajo"]
[Black "Albert, Marion"]
[Result "0-1"]
[WhiteElo "1850"]
[BlackElo "1860"]

1.e4 d6 2.d4 g6 3.Nc3 Bg7 4.Bc4 c6 5.h3 e6 6.d5 cxd5 7.exd5 e5 8.Nf3 Ne7
9.Bg5 h6 10.Bh4 g5 11.Bg3 a6 12.a4 Nd7 13.O-O Nf6 14.Re1 Bf5 15.Nxe5 dxe5
16.Rxe5 Nd7 17.Rxe7+ Kxe7 18.Qf3 Bg6 19.Re1+ Kf8 20.d6 Bxc3 21.bxc3 Rc8 22.Bxf7 Bxf7
23.Re7 Rh7 24.Qf5 Rg7 25.Rxd7 Qe8 26.Be5 Rd8 27.Re7 Rg6 28.Rxe8+ Kxe8 29.Qd3 g4
30.h4 h5 31.g3 Re6 32.Qh7 Rdxd6 33.Qh8+ Kd7 34.Qh7 Rd1+ 35.Kg2 Ke7 36.Qe4 Ke8
37.Qxb7 Re7  0-1

[Event "Regionalliga NO9495"]
[Site "Bayern"]
[Date "1994.??.??"]
[Round "7"]
[White "Kammer, Thomas"]
[Black "Kirbach, Thomas"]
[Result "1-0"]
[WhiteElo "1970"]
[BlackElo "1885"]

1.e4 g6 2.d4 Bg7 3.Nc3 d6 4.Be3 Nf6 5.f3 O-O 6.Qd2 e5 7.Nge2 c6 8.Bh6 exd4
9.Nxd4 Nxe4 10.Nxe4 Qh4+ 11.g3 Bxh6 12.gxh4 Bxd2+ 13.Kxd2 d5 14.Nd6 Rd8 15.Nxc8 Rxc8
16.Re1 Rd8 17.Bh3 a5 18.Re7 c5 19.Nb5 b6 20.Rhe1 Nc6 21.Rc7 Nb4 22.Ree7 Rf8
23.Nd6  1-0

[Event "Regionalliga SO9495"]
[Site "Bayern"]
[Date "1994.??.??"]
[Round "8"]
[White "Reisinger, Georg"]
[Black "Thiering, Erwin"]
[Result "1-0"]
[WhiteElo "1815"]
[BlackElo "1915"]

1.e4 g6 2.d4 Bg7 3.Nc3 d6 4.f4 e6 5.Nf3 Ne7 6.Be2 O-O 7.O-O h6 8.Be3 Nd7
9.Qd2 Kh7 10.Rad1 b6 11.Bd3 Nf6 12.Kh1 Ng4 13.Bg1 f5 14.e5 dxe5 15.dxe5 Ng8
16.Qe2 Qe7 17.h3 Bb7 18.Qe1 Bxf3 19.Rxf3 h5 20.hxg4 hxg4 21.Rf1 Nh6 22.Bf2 Qb4
23.Ne4 Qxb2 24.Ng5+ Kg8 25.Nxe6 Qxa2 26.Nxg7 Kxg7 27.Qc3  1-0

[Event "Regionalliga NO9495"]
[Site "Bayern"]
[Date "1994.??.??"]
[Round "8"]
[White "Landler, Robert"]
[Black "Hoffmann, Ayar"]
[Result "1-0"]
[WhiteElo "1870"]
[BlackElo "1825"]

1.e4 d6 2.d4 g6 3.Nc3 Bg7 4.f4 Nf6 5.Nf3 O-O 6.Bd3 c5 7.dxc5 dxc5 8.O-O Nc6
9.h3 a6 10.Be3 Nd7 11.e5 b5 12.a4 b4 13.Ne4 Na5 14.Qe2 Qc7 15.b3 Bb7 16.Qf2 c4
17.bxc4 Nxc4 18.Nc5 Nxe3 19.Nxd7 Rfd8 20.Qxe3 Qxd7 21.Bc4 Qc6 22.Bb3 e6 23.Rad1 Bf8
24.Qe2 Bc5+ 25.Kh1 a5 26.Rxd8+ Rxd8 27.Rd1 Rd7 28.Rxd7 Qxd7 29.Kh2 Kg7 30.Nd2 Qd4
31.Kg3 h5 32.Nf3 Qc3 33.Qd2 Qe3 34.Qxe3 Bxe3 35.Ne1 Be4 36.Nd3 h4+ 37.Kxh4 Bxg2
38.Kg3 Bc6 39.Nf2 Bb7 40.Nd1 Bd4 41.Nf2 Kf8 42.Ng4 Ke7 43.h4 Bc6 44.h5 gxh5
45.Nf6 Kf8 46.Nxh5 Kg8 47.Kg4 Kh7 48.Kg5 Bf3 49.Nf6+ Kg7 50.Ne8+ Kf8 51.Nd6 Bb6
52.f5 exf5 53.Kxf5 Bh5 54.Ke4 Bc7 55.Kd5 Bf3+ 56.Kc5 Ke7 57.Nxf7 Be4 58.Nd6 Bf3
59.Nf5+ Ke8 60.e6 Be4 61.Nd6+ Bxd6+ 62.Kxd6 Bf5 63.Kc5 Ke7 64.Kb6  1-0

[Event "JUG-chT Cup"]
[Site "Becici"]
[Date "1994.??.??"]
[Round "?"]
[White "Vukovic, Zdravko"]
[Black "Barlov, Dragan"]
[Result "1/2-1/2"]
[WhiteElo "2435"]
[BlackElo "2500"]

1.e4 g6 2.d4 Bg7 3.Nc3 d6 4.Be2 a6 5.Nf3 b5 6.O-O Bb7 7.a4 b4 8.Nd5 a5 9.Re1 e6
10.Nf4 Nf6 11.d5 e5 12.Bb5+ Nbd7 13.Nd3 O-O 14.c3 bxc3 15.bxc3 Qc8 16.Ba3 Rd8
17.Qb3 c6 18.dxc6 Bxc6 19.Bxd6 Bxb5 20.Qxb5 Ra6 21.Be7 Re8 22.Bxf6 Bxf6 23.Red1 Ree6
24.h3 Reb6 25.Qd5 Rd6  1/2-1/2

[Event "Berliner Sommer"]
[Site "Berlin"]
[Date "1994.??.??"]
[Round "?"]
[White "Zapolskis, Antanas"]
[Black "Amelang, Thomas"]
[Result "1-0"]
[WhiteElo "2375"]
[BlackElo "2180"]

1.e4 g6 2.d4 Bg7 3.Nc3 d6 4.Be2 Nf6 5.g4 c5 6.d5 h6 7.h3 Na6 8.f4 Nc7 9.Nf3 a6
10.a4 b6 11.Qd3 Rb8 12.f5 g5 13.h4 Nxg4 14.hxg5 hxg5 15.Rxh8+ Bxh8 16.Nxg5 Ne5
17.Qg3 Kd7 18.Bf4 Qg8 19.Bh5 Bb7 20.O-O-O Bf6 21.Nxf7 Nxf7 22.Qxg8 Rxg8 23.Bxf7 Rg4
24.Ne2 a5 25.c4 Na6 26.b3 Nb4 27.Kd2 Bc8 28.Rh1 Kd8 29.Bh5 Rg2 30.Bf3 Rg8
31.Rg1 Rxg1 32.Nxg1 Bd7 33.Bh5 Na6 34.Nf3 Nc7 35.Bg6 Ne8 36.Ke3 Bb2 37.Kd3 Bf6
38.Nh2 Bg7 39.Ng4 Nf6 40.Nf2 Ne8 41.Ke2 Bd4 42.Nh3 Bc3 43.Ng5 Bb2 44.Kf3 Bc3
45.Nf7+ Kc8 46.e5 dxe5 47.Nxe5 Nd6 48.Kg4 Ne4 49.Nf3 Nf6+ 50.Kg5 Ne4+ 51.Kh6 Kd8
52.Ne5 Nd6 53.Kg5 Ne4+ 54.Kg4 Nf6+ 55.Kf3 Ne8 56.Nxd7 Kxd7 57.Bxe8+ Kxe8
58.Bc7 Kd7 59.Bxb6 Kd6 60.Ke4 Bb4 61.Ba7  1-0

[Event "Berliner Sommer"]
[Site "Berlin"]
[Date "1994.??.??"]
[Round "?"]
[White "Mowsziszian, Karen"]
[Black "Polzin, Rainer"]
[Result "1-0"]
[WhiteElo "2525"]
[BlackElo "2395"]

1.d4 g6 2.e4 Bg7 3.Nc3 d6 4.g3 Nf6 5.Bg2 O-O 6.Nge2 e5 7.h3 exd4 8.Nxd4 Re8
9.O-O Nc6 10.Be3 Bd7 11.Re1 a6 12.a4 Na5 13.g4 c5 14.Nde2 Bc6 15.Ng3 Nc4
16.Bc1 d5 17.Bf1 b5 18.axb5 axb5 19.Rxa8 Qxa8 20.b3 Nd6 21.exd5 Rxe1 22.Qxe1 Nxd5
23.Nxd5 Bxd5 24.Qe7 Qf8 25.Qc7 c4 26.Bf4 Ne8 27.Qd7 Be6 28.Qxb5 c3 29.Be5 f5
30.gxf5 gxf5 31.Qc6 Qf7 32.Bxg7 Nxg7 33.Qxc3 f4 34.Ne4 Qg6+ 35.Bg2 Bf5 36.Kh2 Ne6
37.Qe5 h5 38.c4 Ng7 39.c5  1-0

[Event "Berliner Sommer"]
[Site "Berlin"]
[Date "1994.??.??"]
[Round "?"]
[White "Belikov, Vladimir"]
[Black "Safranska, Anda"]
[Result "1-0"]
[WhiteElo "2450"]
[BlackElo "2305"]

1.e4 g6 2.d4 Bg7 3.Nc3 d6 4.Be3 Nf6 5.f3 c6 6.g4 b5 7.Qd2 a6 8.Nge2 Nbd7
9.g5 Ng8 10.Bg2 Nb6 11.b3 Qc7 12.h4 h5 13.O-O e6 14.e5 d5 15.a4 Ne7 16.axb5 cxb5
17.Rfc1 Bb7 18.Bh3 O-O 19.Nf4 Rfe8 20.Nce2 Nf5 21.Bxf5 exf5 22.Qa5 Rac8 23.Nd3 Bf8
24.Nef4 Kg7 25.Bd2 Na8 26.Kf2 Qb8 27.Bb4 Bxb4 28.Qxb4 Nc7 29.Nc5 Qa7 30.Kg3 Rcd8
31.Ra2 Bc8 32.Rca1 Qb6 33.c3 Qc6 34.Kf2 Kh7 35.Kg2 Kg7 36.Kg3 Kh7 37.Ra5 Kg8
38.R1a2 Kg7 39.Ncd3 Kh7 40.Ra1 Kg7 41.Nc5 Kh7 42.Nfd3 Qb6 43.f4 Kg7 44.Qa3 Ne6
45.Kg2 Qc7 46.Qb4 Qe7 47.Kf3 Nc7 48.Kf2 Kh7 49.Re1 Kg7 50.Qa3 Qf8 51.Re2 Kh7
52.Ke1 Re7 53.Kd2 Qe8 54.Re1 Kg7 55.Qa1 Qc6 56.Nb4 Qb6 57.Qa3 Rde8 58.Ra1 Kh7
59.Kd3 Kg7 60.Qc1 Qb8 61.Nc6 Qb6 62.Nxe7 Rxe7 63.R5a2 Qc6 64.Qa3 Re8 65.Qb4 Kh7
66.Kd2 Kg7 67.Ra5 Kh7 68.Kc2 Kg8 69.Kb2 Kh7 70.Qa3 Kg7  1-0

[Event "Berliner Sommer"]
[Site "Berlin"]
[Date "1994.??.??"]
[Round "?"]
[White "Drill, Frank"]
[Black "Impris, Oleg"]
[Result "0-1"]
[WhiteElo "2140"]
[BlackElo "2345"]

1.d4 g6 2.e4 d6 3.Nc3 Bg7 4.Be3 Nf6 5.f3 c6 6.Qd2 h5 7.h4 b5 8.O-O-O b4 9.Nce2 a5
10.Nf4 e6 11.Ngh3 Nbd7 12.Ng5 Qe7 13.Qf2 a4 14.Kb1 a3 15.b3 c5 16.Ngxe6 fxe6
17.dxc5 Nxc5 18.e5 Nfe4 19.fxe4 Nxe4 20.Bb5+ Bd7 21.Bxd7+ Qxd7 22.Qf3 Nc3+
23.Ka1 Ra6 24.Nxg6 Nxd1 25.Rxd1 Rg8 26.Qxh5 Qf7 27.Qe2 Rc6 28.h5 Qf5 29.Kb1 Bxe5
30.Rf1 Qe4 31.Qf2 Rc7 32.Bb6 Rh7 33.Re1 Qc6 34.Bd4 Rc7 35.Re2 Rf7 36.Qh4 Qd5
37.Be3 Rf1+ 38.Bc1 Rxc1+ 39.Kxc1 Bb2+  0-1

[Event "Berliner Sommer"]
[Site "Berlin"]
[Date "1994.??.??"]
[Round "?"]
[White "Tseitlin, Mark D"]
[Black "Kunze, Carlo"]
[Result "1-0"]
[WhiteElo "2465"]
[BlackElo "2335"]

1.e4 g6 2.d4 Bg7 3.Nc3 d6 4.Be2 Nf6 5.Nf3 O-O 6.O-O Nbd7 7.Bf4 c6 8.Re1 Qa5
9.Nd2 e5 10.Nc4 Qc7 11.dxe5 dxe5 12.Be3 Ne8 13.a4 f5 14.exf5 gxf5 15.f3 b6
16.Qd2 Ndf6 17.Bh6 Be6 18.Bxg7 Nxg7 19.Qe3 Nd7 20.Rad1 Bxc4 21.Bxc4+ Kh8
22.Qd2 Rad8 23.Qd6 Qc8 24.Qe7 Rfe8 25.Qh4 Qc7 26.Bf7 Rf8 27.Qe7 b5 28.a5 b4
29.Ne2 f4 30.g4 e4 31.Rd4 exf3 32.Nxf4 c5 33.Rde4 f2+ 34.Kxf2 Rxf7 35.Qxf7 Rf8
36.Re8 Nxe8 37.Rxe8 Qd6 38.Kg3 Rxe8 39.Qxe8+ Kg7 40.g5 Nf8 41.Kf3 Qd1+ 42.Qe2 Qd6
43.h4 Ng6 44.Nh5+ Kf8 45.Qf2 Ke7 46.Qe3+ Kf7 47.Nf6 Qc6+ 48.Kg4 h6 49.Qe4 Qc8+
50.Kh5 Ne7 51.Kxh6 c4 52.Kh5 Nf5 53.Qd5+ Kg7 54.Qe5 Kf8 55.Nd5  1-0

[Event "Berliner Sommer"]
[Site "Berlin"]
[Date "1994.??.??"]
[Round "?"]
[White "Womacka, Mathias"]
[Black "Reichenbach, Werner"]
[Result "1-0"]
[WhiteElo "2430"]
[BlackElo "2255"]

1.e4 g6 2.d4 Bg7 3.Nc3 d6 4.Be3 c6 5.a4 Nf6 6.h3 Qa5 7.Qd2 Nbd7 8.Nf3 O-O
9.Bd3 e5 10.O-O Re8 11.Rfe1 Nf8 12.dxe5 dxe5 13.Nd5 Qxd2 14.Nxf6+ Bxf6 15.Nxd2 Bd8
16.Nc4 Bc7 17.Red1 Be6 18.Be2 Nd7 19.Nd6 Reb8 20.Bg4 Bxg4 21.hxg4 Nf8 22.Rd3 b6
23.Rad1 Rd8 24.Bg5 Rxd6 25.Rxd6 Bxd6 26.Rxd6 Ne6 27.Bf6 Nc5 28.Rxc6 Nxa4
29.Bxe5 Nc5 30.f3 Nd7 31.Bd4 Kf8 32.Kf2 Ke7 33.Ke3 f6 34.Kf4 h6 35.Kg3 g5
36.Kf2 Rb8 37.g3 Rh8 38.f4 Rg8 39.Kf3 h5 40.gxh5 g4+ 41.Kg2 Rh8 42.Rc7 Rxh5
43.Bxf6+ Kd6 44.Rxa7 Nxf6 45.e5+ Ke6 46.exf6 Kxf6 47.Rd7 Rb5 48.b3 Rc5  1-0

[Event "Berliner Sommer"]
[Site "Berlin"]
[Date "1994.??.??"]
[Round "?"]
[White "Pioch, Thomas"]
[Black "Kunze, Carlo"]
[Result "0-1"]
[WhiteElo "2165"]
[BlackElo "2335"]

1.e4 g6 2.d4 Bg7 3.Nc3 d6 4.Be2 Nf6 5.Nf3 O-O 6.O-O Nbd7 7.Re1 e5 8.Bf1 c6
9.a4 exd4 10.Nxd4 Nc5 11.f3 a5 12.Be3 Re8 13.Bf2 Nfd7 14.Qd2 Ne5 15.Rad1 Qc7
16.b3 Qb6 17.Kh1 h5 18.Bh4 Qb4 19.Nb1 Qb6 20.Nc3 Ncd3 21.Bxd3 Qxd4 22.Ne2 Qb6
23.Nc1 Be6 24.Be2 d5 25.exd5 Bxd5 26.Nd3 Nxd3 27.Bxd3 Qd4 28.Rxe8+ Rxe8 29.Re1 Ra8
30.Bf2 Qf6 31.Bc5 Kh7 32.Be7 Qb2 33.Qd1 Qd4 34.Bg5 Rc8 35.f4 Kg8 36.Bf1 Qb4
37.f5 gxf5 38.Bd2 Qg4 39.Qxg4 hxg4 40.Bxa5 Be4 41.Bd3 Re8 42.Kg1 Bd4+ 43.Kf1 Re5
44.Bd2 Kg7 45.h3 gxh3 46.gxh3 Kg6 47.Re2 Kh5 48.Bf4 Re6 49.Bc4 Re7 50.Rd2 Bc3
51.Rd6 f6 52.Rd8 Be5 53.Rh8+ Kg6 54.Bd2 Bxc2 55.h4 f4 56.h5+ Kg7 57.Rg8+ Kh6
58.Rg2 Bd1 59.Bb4 Re8 60.Bf7 Rb8 61.Be7 Kh7 62.Bg6+ Kh8 63.Bf7 f3 64.Rg4 b5
65.axb5 cxb5 66.Bd5 Be2+ 67.Kf2 f5 68.Rg6 Bd4+ 69.Ke1 Rb6 70.Rg3 Ra6  0-1

[Event "Berliner Sommer"]
[Site "Berlin"]
[Date "1994.??.??"]
[Round "?"]
[White "Metz, Hartmut"]
[Black "Reichenbach, Werner"]
[Result "0-1"]
[WhiteElo "2340"]
[BlackElo "2255"]

1.e4 g6 2.d4 Bg7 3.Nc3 d6 4.h3 c6 5.Nf3 Nf6 6.a4 O-O 7.Be2 Nbd7 8.O-O e5
9.dxe5 dxe5 10.Be3 Qe7 11.Nd2 Nc5 12.Bc4 Ne6 13.Ne2 Rd8 14.f3 Nh5 15.Qe1 Nef4
16.Kh2 Be6 17.Bxe6 Qxe6 18.Nb3 Qc4 19.Nc3 Ne6 20.a5 Nd4 21.Ra4 Qe6 22.Na1 b5
23.axb6 axb6 24.Qf2 b5 25.Rxa8 Rxa8 26.Rc1 Qc4 27.Nd1 Nf4 28.g3 Nde2 29.b3 Qe6
30.gxf4 Nxc1 31.Bxc1 Rxa1 32.Qd2 Ra8 33.Nf2 exf4 34.Nd3 g5 35.Qg2 h6 36.Bd2 Kh7
37.Bb4 Bd4 38.Qd2 Ra1 39.Ne1 c5 40.Bc3 Bxc3 41.Qxc3 Rd1 42.Nd3 Qd6 43.h4 Qd4
44.Qxc5 Qxc5 45.Nxc5 Rd2+ 46.Kh3 Rxc2  0-1

[Event "Biel op"]
[Site "Biel"]
[Date "1994.??.??"]
[Round "7"]
[White "Gunawan, Ruben"]
[Black "Tkachiev, Vladislav"]
[Result "0-1"]
[WhiteElo "2345"]
[BlackElo "2535"]

1.e4 g6 2.d4 Bg7 3.Nc3 d6 4.g3 Nc6 5.Be3 e5 6.dxe5 Nxe5 7.f4 Nc6 8.Qd2 Nf6
9.Nge2 O-O 10.O-O-O Bg4 11.Bg2 Nd7 12.Rde1 Nb6 13.Bf2 Qf6 14.h3 Nc4 15.e5 dxe5
16.Nd5 Qd6 17.Qc3 Bxe2 18.Rxe2 b5 19.Qd3 e4 20.Rxe4 Bxb2+ 21.Kb1 Rad8 22.Ne7+ Nxe7
23.Qxd6 Rxd6 24.Rxe7 Rfd8 25.Ree1 Rd2 26.Ref1 Bd4 27.Bxd4 R8xd4  0-1

[Event "DLM"]
[Site "Binz"]
[Date "1994.??.??"]
[Round "2"]
[White "Foetsch, Daniel"]
[Black "Goergens, Michael"]
[Result "1-0"]
[WhiteElo "2260"]
[BlackElo "2225"]

1.e4 g6 2.d4 Bg7 3.Nc3 d6 4.Be3 e5 5.dxe5 Bxe5 6.f4 Bg7 7.Bd3 Nc6 8.Nf3 Nge7
9.O-O f5 10.Qd2 Be6 11.Ng5 Bg8 12.exf5 gxf5 13.Qe2 h6 14.Qh5+ Kf8 15.Nf3 Bf7
16.Qh3 Qc8 17.Nh4 Be6 18.Rae1 Nb4 19.Re2 Nxd3 20.cxd3 Bf6 21.Bf2 c6 22.Rfe1 Bd7
23.Rxe7 Bxe7 24.Ng6+ Ke8 25.Nxe7  1-0

[Event "GER-ch"]
[Site "Binz"]
[Date "1994.??.??"]
[Round "3"]
[White "Reis, Gerhard"]
[Black "Schulz, Karsten"]
[Result "0-1"]
[WhiteElo "2245"]
[BlackElo "2330"]

1.e4 g6 2.d4 Bg7 3.Nc3 d6 4.h3 Nc6 5.Be3 Nf6 6.Nge2 e5 7.g3 exd4 8.Nxd4 Nxd4
9.Bxd4 Be6 10.Bg2 Qd7 11.e5 dxe5 12.Bxe5 O-O 13.Qf3 Bc4 14.Bf1 Rae8 15.Bxc4 Rxe5+
16.Ne2 Ne4 17.Rd1 Qe7 18.O-O b5 19.Bd3 Ng5 20.Qg2 Rxe2 21.h4 Re6 22.hxg5 Qxg5
23.c3 Rfe8 24.Qb7 c6 25.Bc2 Be5 26.Kg2 Bxg3 27.fxg3 Re2+ 28.Rf2 Rxf2+ 29.Kxf2 Qe3+
30.Kg2 Qe2+ 31.Kg1 Qxc2 32.Rf1 Rf8 33.Rf2 Qb1+ 34.Kg2 Qe4+ 35.Kh2 a5 36.Rf6 Qe2+
37.Kh3 Qh5+ 38.Kg2 Qd5+ 39.Kf2 Qxa2  0-1

[Event "DLM"]
[Site "Binz"]
[Date "1994.??.??"]
[Round "4"]
[White "Kuehn, Peter"]
[Black "Rudolf, Henrik"]
[Result "0-1"]
[WhiteElo "2230"]
[BlackElo "2245"]

1.Nc3 g6 2.e4 d6 3.d4 Bg7 4.Bc4 Nf6 5.Qe2 Nc6 6.Nf3 Bg4 7.Be3 O-O 8.O-O-O e5
9.dxe5 Nxe5 10.Bb3 Qe7 11.h3 Be6 12.Nxe5 dxe5 13.Nd5 Bxd5 14.exd5 a5 15.a4 Ne4
16.h4 Nc5 17.Qb5 Nxb3+ 18.Qxb3 b5 19.axb5 a4 20.Qa3 Qd7 21.Bc5 Qxb5 22.Bxf8 Bxf8
23.Qh3 Qb6 24.Qe3 Qb5 25.h5 a3 26.b3 Bg7 27.h6 Bh8 28.Kb1 a2+ 29.Ka1 e4+
30.Rd4 Qxd5 31.c3 Qxb3 32.Rhd1 Bf6 33.Qd2 Kf8 34.Rc1 Bxd4 35.Qxd4 Rb8 36.Qh8+ Ke7
37.Qe5+ Kd7 38.Qd4+ Kc8 39.Qh8+ Kd7 40.Qd4+ Kc8 41.Qh8+ Kb7 42.Qe5 Ka6  0-1

[Event "GER-ch"]
[Site "Binz"]
[Date "1994.??.??"]
[Round "8"]
[White "Von Buelow, Georg"]
[Black "Alber, Horst"]
[Result "0-1"]
[WhiteElo "2355"]
[BlackElo "2290"]

1.e4 g6 2.d4 Bg7 3.Nc3 d6 4.Be3 a6 5.Qd2 b5 6.f3 Nd7 7.a4 b4 8.Nd1 a5 9.c4 bxc3
10.bxc3 Ngf6 11.Nh3 O-O 12.Bh6 e5 13.Nhf2 Bxh6 14.Qxh6 d5 15.Be2 Ba6 16.Ra2 dxe4
17.fxe4 Qe7 18.d5 c6 19.dxc6 Nc5 20.Qe3 Bxe2 21.Qxe2 Qc7 22.Qb5 Nfxe4 23.Nxe4 Nxe4
24.Re2 Nd6 25.Qc5 Ra6 26.Rxe5 Rxc6 27.Qxa5 Qc8 28.Qd5 Nc4 29.Re7 Rd6 30.Qg5 Qd8
31.Kf2 Rd2+  0-1

[Event "GER-ch"]
[Site "Binz"]
[Date "1994.??.??"]
[Round "9"]
[White "Menacher, Manfred"]
[Black "Alber, Horst"]
[Result "0-1"]
[WhiteElo "2320"]
[BlackElo "2290"]

1.e4 g6 2.d4 Bg7 3.Nc3 d6 4.f4 Nf6 5.e5 Nfd7 6.Nf3 O-O 7.Bc4 c5 8.e6 Nb6
9.exf7+ Kh8 10.Be2 cxd4 11.Nxd4 Nc6 12.Nf3 Rxf7 13.O-O Rf8 14.Be3 Be6 15.Nd4 Qd7
16.b3 Rac8 17.Qd2 Bg8 18.Rad1 Nxd4 19.Bxd4 e5 20.Bxb6 axb6 21.Na4 Qf5 22.fxe5 Qxe5
23.c4 Rxf1+ 24.Bxf1 b5 25.cxb5 d5 26.Nb6 Rd8 27.a4 Qh5 28.Be2 Qh4 29.Bf3 d4
30.Qd3 Re8 31.g3 Qf6 32.Nd5 Qg5 33.Qd2 Qd8 34.Qg2 b6 35.h3 Qd6 36.Rd3 Re1+
37.Kh2 Rb1 38.Qc2 Re1 39.Qf2 Re8 40.Rxd4 Bxd4 41.Qxd4+ Re5 42.Qxb6 Rxd5 43.Qxd6 Rxd6
44.a5 Rd2+ 45.Kh1 Bd5  0-1

[Event "GER-ch"]
[Site "Binz"]
[Date "1994.??.??"]
[Round "9"]
[White "Gerstner, Wolfgang"]
[Black "Stoeber, Michael"]
[Result "1-0"]
[WhiteElo "2380"]
[BlackElo "2255"]

1.d4 g6 2.e4 Bg7 3.Nc3 d6 4.Be3 Nf6 5.f3 c6 6.Qd2 O-O 7.O-O-O b5 8.Bh6 Qa5
9.h4 b4 10.Nb1 e5 11.dxe5 Bxh6 12.Qxh6 Qxe5 13.Qg5 Be6 14.Nd2 Nbd7 15.Nc4 Bxc4
16.Bxc4 Nb6 17.Qxe5 dxe5 18.Ba6 Rfd8 19.Ne2 c5 20.b3 Kf8 21.Kb2 Ke7 22.Nc1 Rab8
23.Nd3 Nbd7 24.a3 bxa3+ 25.Kc3 Ne8 26.Ra1 Nd6 27.Rhe1 Rb6 28.Rxa3 f6 29.Ra5 Ra8
30.Bc4 Nxc4 31.Kxc4 Rd6 32.Kc3 Rd4 33.Rea1 Rc8 34.Nb2 f5 35.exf5 gxf5 36.Rxa7 Rxh4
37.Nc4 Kd8 38.Nd6 Rc7 39.Ra8+  1-0

[Event "Bled op (Women)"]
[Site "Bled"]
[Date "1994.??.??"]
[Round "?"]
[White "Koglin, Anke"]
[Black "Vukovic, Zeljka"]
[Result "0-1"]
[WhiteElo "2200"]
[BlackElo "2040"]

1.Nc3 g6 2.e4 Bg7 3.d4 d6 4.f4 c6 5.Nf3 Qc7 6.Be2 Nd7 7.O-O e5 8.Kh1 exd4
9.Nxd4 Ngf6 10.Bf3 O-O 11.Nb3 Nb6 12.Qe1 Ne8 13.f5 Nc4 14.Be2 Ne5 15.Qh4 f6
16.Be3 d5 17.fxg6 Nxg6 18.Qf2 dxe4 19.Nxe4 b6 20.Rad1 f5 21.Ng5 Nf6 22.Bc4+ Kh8
23.Bd4 Ng4 24.Qg1 c5 25.Bxg7+ Qxg7 26.Bd5 Rb8 27.h3 Nf6 28.Be6 Bb7 29.Nf3 Ne4
30.Qh2 Rbe8 31.Rd7 Re7 32.Rxe7 Qxe7 33.Bc4 f4 34.Kg1 Ng3 35.Re1 Qf6 36.c3 Rd8
37.Nbd2 a6 38.a4 b5 39.axb5 axb5 40.Bxb5 Qb6 41.c4 Qf6 42.Nf1 Nh4 43.Nxh4 Qxh4
44.Ba4 Rg8 45.Bd1 Nxf1 46.Rxf1 Rxg2+ 47.Qxg2 Bxg2 48.Kxg2 Qg3+ 49.Kh1 Qxh3+
50.Kg1 Qg3+ 51.Kh1 Qe3 52.b3 Kg7 53.Bf3 Kf6 54.Bd5 Kf5 55.Rf3 Qe2 56.Kg1 Kg4
57.Rf2 Qd1+ 58.Kg2 Qxb3 59.Rf3 Qb2+ 60.Rf2 Qe5 61.Rf3 h5 62.Rf2 h4 63.Bf3+ Kg5
64.Bd5 Qf5 65.Rf3 Kg4 66.Rf2 h3+ 67.Kh2 Kh4 68.Rf3 Qc2+  0-1

[Event "Bled op"]
[Site "Bled"]
[Date "1994.??.??"]
[Round "?"]
[White "Podlesnik, Bogdan"]
[Black "Burmakin, Vladimir"]
[Result "1-0"]
[WhiteElo "2400"]
[BlackElo "2530"]

1.e4 d6 2.d4 g6 3.Nc3 Bg7 4.f4 Nf6 5.Nf3 c6 6.Be2 Nbd7 7.e5 Nd5 8.Ne4 N7b6
9.O-O O-O 10.c3 f6 11.Qe1 Bf5 12.Ng3 Bg4 13.exf6 exf6 14.f5 Qd7 15.Bd3 g5
16.Qf2 Rae8 17.Ne1 Qf7 18.Bd2 Bh6 19.Ne4 Qd7 20.h3 Bh5 21.g4 Bf7 22.Qg3 Nc4
23.Bc1 Kg7 24.Ng2 Ndb6 25.h4 Rxe4 26.Bxe4 d5 27.Bd3 Kg8 28.b3 Nd6 29.hxg5 Bxg5
30.Bxg5 fxg5 31.Rae1 Qd8 32.Re2 Qf6 33.Ne1 Re8 34.Rxe8+ Bxe8 35.Nf3 h6 36.Re1 Nbc8
37.Re6 Qf8 38.Ne5 Bf7 39.Nxf7 Nxf7 40.Qe3 Ncd6 41.c4 b6 42.c5 bxc5 43.dxc5 Ne4
44.Bxe4 dxe4 45.Rxe4 Kh7 46.Re7 Qg7 47.Rxa7 Qa1+ 48.Kg2 Kg7 49.a4 Qf6 50.a5 h5
51.Rxf7+ Qxf7 52.Qxg5+ Kf8 53.Qh6+  1-0

[Event "Bled op"]
[Site "Bled"]
[Date "1994.??.??"]
[Round "?"]
[White "Ilijin, Neboisa"]
[Black "Ciglic, Boris"]
[Result "1/2-1/2"]
[WhiteElo "2290"]
[BlackElo "2215"]

1.e4 g6 2.d4 Bg7 3.Nc3 d6 4.Bc4 Nf6 5.Nf3 O-O 6.Bb3 Nc6 7.h3 e5 8.dxe5 Nxe5
9.Bg5 c6 10.Qd2 Qa5 11.O-O-O Nxf3 12.gxf3 Re8 13.Qf4 Qe5 14.Rxd6 Qxf4+ 15.Bxf4 Nh5
16.Bh2 Bxh3 17.Rhd1 Be5 18.Bxe5 Rxe5 19.Ne2 Rae8 20.Ng3 Nxg3 21.fxg3 Kg7
22.g4 h5 23.Rd7 Rf8 24.Rxb7 hxg4 25.fxg4 Rxe4 26.Rxa7 Bxg4 27.Rf1 Be6  1/2-1/2

[Event "Bled op"]
[Site "Bled"]
[Date "1994.??.??"]
[Round "?"]
[White "Doric, Nenad"]
[Black "Kummer, Helmut"]
[Result "1/2-1/2"]
[WhiteElo "2285"]
[BlackElo "2295"]

1.e4 g6 2.d4 Bg7 3.Nc3 d6 4.g3 e5 5.dxe5 dxe5 6.Qxd8+ Kxd8 7.Bc4 f6 8.f4 Nd7
9.Be3 c6 10.Nf3 Nb6 11.Bb3 Bg4 12.Kf2 Bxf3 13.Kxf3 Kc7 14.Rad1 Ne7 15.Bc5 Nec8
16.Rd3 Bf8 17.Be3 Be7 18.Na4 Nxa4 19.Bxa4 Nd6 20.Rhd1 Rad8 21.fxe5 fxe5 22.Bh6 Nf7
23.Rxd8 Bxd8 24.Bd2 Be7 25.Bb3 Rf8 26.Bxf7 Rxf7+ 27.Ke2  1/2-1/2

[Event "Bojnice"]
[Site "Bojnice"]
[Date "1994.??.??"]
[Round "6"]
[White "Hladik, Lumir"]
[Black "Dobrotka, Martin"]
[Result "0-1"]
[WhiteElo "2200"]
[BlackElo "2285"]

1.d4 g6 2.e4 d6 3.Nc3 Bg7 4.f3 Nd7 5.Be3 e5 6.Qd2 c6 7.O-O-O Qa5 8.Bc4 Ngf6
9.Nge2 O-O 10.h4 h5 11.Bh6 exd4 12.Nxd4 Ne5 13.Bxg7 Kxg7 14.Bb3 c5 15.Nf5+ Bxf5
16.exf5 c4 17.Ba4 a6 18.Qg5 Rad8 19.fxg6 fxg6 20.f4 Nh7 21.Qe7+ Rf7 22.Qe6 Nf8
23.Qd5 Qxd5 24.Nxd5 Ng4 25.c3 Nf2 26.Bc2 Ne6 27.Rhe1 Nc5 28.Rf1 Nxd1 29.Kxd1 Re8
30.Rf3 Ne4 31.Ne3 b5 32.f5 Re5 33.fxg6 Rxf3 34.gxf3 Nxc3+ 35.Kd2 Nd5 36.Nf5+ Kxg6
37.Nxd6+ Kf6 38.Ne4+ Kf5 39.b3 Kf4 40.bxc4 bxc4 41.Bd1 Ne3 42.Be2 Ra5 43.Nc3 Ra3  0-1

[Event "Slovan op"]
[Site "Bratislava"]
[Date "1994.??.??"]
[Round "?"]
[White "Gazik, Igor"]
[Black "Petran, Peter"]
[Result "0-1"]
[WhiteElo "2410"]
[BlackElo "2410"]

1.e4 g6 2.d4 Bg7 3.Nc3 d6 4.Be3 c6 5.Qd2 b5 6.a3 Nd7 7.f4 Ngf6 8.Nf3 O-O
9.e5 Ng4 10.Bg1 a6 11.h3 Nh6 12.g4 c5 13.O-O-O Bb7 14.Bg2 b4 15.Nb1 bxa3
16.Nxa3 Qc7 17.exd6 exd6 18.f5 Kh8 19.d5 gxf5 20.g5 Ng8 21.h4 Ne7 22.h5 Kg8
23.g6 Bxd5 24.c3 Qb7 25.Rh3 Rab8 26.gxh7+ Kh8 27.Be3 Ne5 28.Nxe5 Bxe5 29.Bxd5 Nxd5
30.Bh6 Qb3 31.Rg1 Kxh7 32.Rhh1 Bxc3 33.bxc3 Qxa3+ 34.Kd1 Nxc3+ 35.Ke1 Rfe8+
36.Kf1 Rb1+  0-1